Quiz - Les timbres de chanteurs - Statistiques

Statistiques générales
  • Ce quiz a été pris 29 fois
  • Le résultat moyen est 5 sur 9
Statistiques - réponses
Hint Réponse % Correct
Voix de femme ou d'enfant la plus aigüe Soprano
96%
Voix de femme ou d'enfant grave Alto
83%
Voix d'homme aigüe Ténor
83%
Voix d'homme moyenne Baryton
67%
Voix d'homme la plus grave Basse
58%
Voix de femme ou d'enfant un peu moins aigüe Mezzo-soprano
42%
Voix de femme ou d'enfant moyenne Mezzo
38%
Voix d'homme la plus aigüe Contre ténor
25%
Voix de femme ou d'enfant la plus grave Contralto
21%
Aucun quiz correspondant
Distribution des résultats
% des personnes avec chaque résultat
Percentile par nombre de réponses
Votre historique - résultats
Vous n’avez pas pris ce quiz